Structural engineering : (Record no. 546257)

000 -LEADER
fixed length control field 00541mam a2200157 a 4500
020 ## - INTERNATIONAL STANDARD BOOK NUMBER
International Standard Book Number 041920170X
082 00 - DEWEY DECIMAL CLASSIFICATION NUMBER
Classification number 624.1
Author Mark STR
-- L-NUST,P-03
245 00 - TITLE STATEMENT
Title Structural engineering :
Remainder of title history and development /
Statement of responsibility, etc. edited by R.J.W. Milne.
260 ## - PUBLICATION, DISTRIBUTION, ETC.
Place of publication, distribution, etc. London ;
-- New York :
Name of publisher, distributor, etc. E & FN Spon,
Date of publication, distribution, etc. c1997.
300 ## - PHYSICAL DESCRIPTION
Extent 142 p. :
Other physical details ill. ;
Dimensions 24 cm.
526 ## - STUDY PROGRAM INFORMATION NOTE
Program name 0
Interest level 0
Reading level 0
Title point value 624_100000000000000_STR
650 #0 - SUBJECT ADDED ENTRY--TOPICAL TERM
Topical term or geographic name entry element Structural design
General subdivision History.
9 (RLIN) 42356
650 #0 - SUBJECT ADDED ENTRY--TOPICAL TERM
Topical term or geographic name entry element Structural engineering
General subdivision History.
Topical term following geographic name entry element MCE
9 (RLIN) 42357
700 1# - ADDED ENTRY--PERSONAL NAME
Personal name Milne, R. J. W.
9 (RLIN) 42358
942 ## - ADDED ENTRY ELEMENTS (KOHA)
Source of classification or shelving scheme
Koha item type Book
Holdings
Withdrawn status Lost status Source of classification or shelving scheme Damaged status Not for loan Permanent Location Current Location Date acquired Total Checkouts Full call number Barcode Date last seen Price effective from Koha item type
          Military College of Engineering (MCE) Military College of Engineering (MCE) 06/05/2014   624.1 STR MCE-43826 06/05/2014 03/14/2021 Book
© 2023 Central Library, National University of Sciences and Technology. All Rights Reserved.